| 000 | nam a22 a 4500 | ||
|---|---|---|---|
| 999 |
_c1951 _d1951 |
||
| 005 | 20170512150906.0 | ||
| 008 | 170512b1949 nyu||||| |||| 00| 0 eng d | ||
| 020 | _a007053635X | ||
| 040 | _aAKMAL | ||
| 082 | _a346.73'07 BRO | ||
| 090 |
_a346.73'07 _bBRO |
||
| 245 |
_aUNDERSTANDING BUSINESS AND PERSONAL LAW / _cGORDON W. BROWN |
||
| 250 | _a7th ed. | ||
| 260 |
_aunited states _bMcGraw-Hill _c1949 |
||
| 300 |
_a563 pg _ccm |
||
| 942 |
_2ddc _cBOOK |
||